[Event "Guernsey Holiday op 40th"]
[Site "Guernsey"]
[Date "2014.10.25"]
[Round "7"]
[White "Zonneveld, Jos"]
[Black "Bakkes, Frits"]
[Result "0-1"]
[WhiteElo "1528"]
[BlackElo "1630"]
[PlyCount "107"]
[EventDate "2014.10.19"]
[EventType "swiss"]
[EventRounds "7"]
[EventCountry "GCI"]
[SourceTitle "EXT 2022"]
[Source "ChessBase"]
[SourceDate "2021.10.06"]
[SourceVersion "1"]
[SourceVersionDate "2021.10.06"]
[SourceQuality "1"]

1. e4 c5 2. Nf3 Nc6 3. Bc4 d6 4. c3 Nf6 5. d3 Bg4 6. 0-0 a6 7. Nbd2 Ne5 8. Qe2 Nfd7 9. d4 Nxc4 10. Nxc4 g6 11. h3 Bxf3 12. Qxf3 Bg7 13. d5 0-0 14. Bf4 b5 15. Nd2 c4 16. b4 Nb6 17. Rac1 Na4 18. Nb1 Nb2 19. Rc2 Nd3 20. Be3 a5 21. a3 axb4 22. axb4 Qd7 23. Bb6 f5 24. Re2 fxe4 25. Qxe4 Bf6 26. Ba5 Be5 27. Qg4 Qxg4 28. hxg4 Rae8 29. g3 g5 30. Kg2 e6 31. dxe6 Rxe6 32. Bb6 Rfe8 33. Be3 h6 34. Ra2 Rb8 35. Ra6 Ree8 36. Rh1 Kg7 37. Ra7+ Kg6 38. Ra6 Ra8 39. Rxa8 Rxa8 40. f4 gxf4 41. gxf4 Bxf4 42. Bxf4 Nxf4+ 43. Kf3 Nd3 44. Rh5 Ne5+ 45. Kg3 Ra2 46. Rf5 Rc2 47. Rf1 Re2 48. Kf4 Rg2 49. Na3 Rxg4+ 50. Ke3 Rg5 51. Kd4 Nc6+ 52. Ke3 Re5+ 53. Kf4 Rf5+ 54. Ke3 0-1

[Event "Guernsey Holiday op 40th"]
[Site "Guernsey"]
[Date "2014.10.23"]
[Round "5"]
[White "Zonneveld, Jos"]
[Black "Savident, David B"]
[Result "1/2-1/2"]
[WhiteElo "1528"]
[BlackElo "1734"]
[PlyCount "58"]
[EventDate "2014.10.19"]
[EventType "swiss"]
[EventRounds "7"]
[EventCountry "GCI"]
[SourceTitle "EXT 2022"]
[Source "ChessBase"]
[SourceDate "2021.10.06"]
[SourceVersion "1"]
[SourceVersionDate "2021.10.06"]
[SourceQuality "1"]

1. e4 c5 2. Nf3 d6 3. Nc3 Nf6 4. d3 g6 5. Be2 Bg7 6. 0-0 Nc6 7. a3 0-0 8. Nd5 Nxd5 9. exd5 Nd4 10. Nxd4 Bxd4 11. c3 Bg7 12. Bf3 Re8 13. Bg5 Qc7 14. Rc1 b5 15. Rc2 Rb8 16. Re1 e5 17. dxe6 Bxe6 18. Rce2 Rec8 19. Bf4 b4 20. axb4 cxb4 21. c4 Bd4 22. Be3 Qc5 23. h3 b3 24. Qd2 d5 25. Rc1 Bxe3 26. Rxe3 dxc4 27. dxc4 Rb6 28. Rec3 Rd6 29. Qe2 Rb6 1/2-1/2